000 02361nam0a2200397 4500
001 RU\NLR\bibl\2022461
005 20260607042440.0
010 _a978-5-7017-2080-8
_9500
021 _aRU
_b2013-22202
_91557
035 _a(NLR Aleph) 002010649
090 _a4455462
_c4455462
100 _a20130410d2013 |||y0rusy50 ca
101 0 _arus
_deng
102 _aRU
105 _ay |||||||||
200 1 _aЛингвистика после Ф. де Соссюра: итоги и перспективы (к 155-летию со дня рождения Ф. де Соссюра)
_eсборник материалов международной научной конференции (21-22 февраля 2013 г., Москва)
_f[редкол.: Хроменков П.Н., к.филол.н. (гл. ред.) и др.]
210 _aМосква
_cИзд-во МГОУ
_d2013
215 _a377 с.
_d21
300 _aВ надзаг.: М-во образования Моск. обл., Гос. образоват. учреждение высш. проф. образования Моск. гос. обл. ун-т, Ин-т лингвистики и межкультур. коммуникации, Лингв. фак.
300 _aРез. на англ. яз.
320 _aБиблиогр. в конце докл.
600 1 _aСоссюр
_bФ.де
_f1857 - 1913
_gФердинанд де
_92093390
_3RU\NLR\AUTH\661266839
606 1 _aЯзыкознание
_jСъезды, совещания и т.п.
_9911558
_3RU\NLR\AUTH\6613279
686 1 _aШ1я434
686 1 _aШ1г(4Ш)дСоссюр
702 1 _4570
_8rus
_7ca
_aСоссюр
_bФ. де
_f1857-1913
_gФердинанд де
_3RU\NLR\AUTH\7720685
_93752
702 1 _aХроменков
_bП. Н.
_f1975-
_gПавел Николаевич
_4340
712 0 2 _4570
_aМосковский государственный областной университет
_bИнститут лингвистики и межкультурной коммуникации
_bЛингвистический факультет
_9821942
_3RU\NLR\AUTH\8810163010
801 0 _aRU
_bNLR
_c20130410
_gRCR
801 1 _aRU
_bNLR
_c20130410
942 _cBOOK
980 _aNBR
980 _aNB